000
00279nam a2200121Ia 4500
008
150201s2002 xx 000 0 und d
082
_a
612.1
_b
C02W
100
_a
WHO
245
_a
THE CLINICAL USE OF BLOOD
260
_b
AITBS
_a
DELHI
_c
2002
650
_a
PATHOLOGY
942
_2
ddc
_c
BK
999
_c
846
_d
846